000 00918nam a22002297a 4500
005 20250425160459.0
008 250425b |||||||| |||| 00| 0 eng d
020 _a978-93-82554-13-4 (hbk)
037 _cTB
040 _aCRL
_cCRL
041 _2hin
_ahin
084 _aO152,1x R1
_qCRL
100 _aदुबे, राजेश
_9753057
245 _aकविता दबे पाँव आती है
260 _aदिल्ली, भारत:
_bअद्वैत प्रकाशन,
_c2021.
300 _a128पृ0
365 _bINR
_c275.00
650 _aहिन्दी कविता
650 _aहिन्दी साहित्य
942 _2CC
_cTB
_hO152,1x R1
_n0
999 _c1309413
_d1309413